Statystyki dla Wszystkie polskie kluby piłkarskie na literę I

Kliknij tutaj aby rozwiązać quiz!

Ogólne statystyki

  • Ten quiz został rozwiązany 3 razy
  • Średni wynik to 1 z 76

Statystyki odpowiedzi

Odpowiedź% Poprawnych
Izolator Boguchwała
67%
Igloopol Dębica
33%
Ilanka Rzepin
33%
Igliczna Wilkanów
0%
Igros Krasnobród
0%
Ikar Krzepielów
0%
Ikar Miłogostowice
0%
Ikar Odporyszów
0%
Ikarus Tuszów Narodowy
0%
Ikar Zawada
0%
IKS Olkusz
0%
Iłżanka Kazanów
0%
Ina Goleniów
0%
Ina Ińsko
0%
Ina Nadarzyn
0%
Intakus Wrocław
0%
Inter Gnojnica
0%
Inter Nietoperek
0%
Inter Ożary
0%
Inter Świerzenko
0%
Inter Zdrój
0%
Irma Studzieniec
0%
Iskierka Śmierdnica
0%
Iskra Badęcz
0%
Iskra Banie
0%
Iskra Białogard
0%
Iskra Brzezinka
0%
Iskra Cieszacin Wielki
0%
Iskra Czułów
0%
Iskra Dąbrówki Breńskie
0%
Iskra Dobroń
0%
Iskra Dretyń
0%
Iskra Droglowice
0%
Iskra Głuchowo
0%
Iskra Gogolewo
0%
Iskra Golczewo
0%
Iskra Gorzów Wielkopolski
0%
Iskra Iskrzynia
0%
Iskra Jabłoniec
0%
Iskra Janczewo
0%
Iskra Jaszkowa Dolna
0%
Iskra Jerzmanice-Zdrój
0%
Iskra Kębłów
0%
Iskra Kłanino
0%
Iskra Klecza Dolna
0%
Iskra Kochlice
0%
Iskra Krajenka
0%
Iskra Krasne
0%
Iskra Krzemień
0%
Iskra Księgnice
0%
Iskra Łagów
0%
Iskra Łęki
0%
Iskra Małomice
0%
Iskra Narew
0%
Iskra Narzym
0%
Iskra Niedźwiedzice
0%
Iskra Nielubia
0%
Iskra Pasikurowice
0%
Iskra Pomień
0%
Iskra Proszków
0%
Iskra Przysietnica
0%
Iskra Pszczyna
0%
Iskra Sieroszewice
0%
Iskra Smykówko
0%
Iskra Sobów
0%
Iskra Stolec
0%
Iskra Tarnów
0%
Iskra Witków Śląski
0%
Iskra Wróblik Szlachecki
0%
Iskra Wyszyny
0%
Iskra Zamość-Rynarzewo
0%
Iskra Zgłobień
0%
Iva Iwkowa
0%
Iwełka Iwla
0%
Iwonka Iwonicz
0%
Izery Jasna Góra
0%

Rozkład punktacji

Percentyl według liczby udzielonych odpowiedzi

Procent ludzi z każdym wynikiem

Twoja historia wyników

Nie rozwiązałeś tego quizu